| 000 | 01174nam a2200241Ia 4500 | ||
|---|---|---|---|
| 999 |
_c37600 _d37600 |
||
| 001 | 3572 | ||
| 003 | GE_BSU | ||
| 005 | 20190528171742.0 | ||
| 008 | 181216s2008||||ge |||||||||||||| ||geo|| | ||
| 020 | _a9789941123313 | ||
| 040 | _cGE_BSU | ||
| 041 | _ageo | ||
| 080 | _a537.6/8(076) ჯ-20 | ||
| 100 |
_aჯანელიძე, ოთარ. _91743 |
||
| 245 |
_aლაბორატორიული პრაქტიკუმი ფიზიკაში : მეორე ნაწილი : ელექტრობა, მაგნეტიზმი. / _cოთარ ჯანელიძე ; ბორის კუტუბიძე ; რედ : იბრაიმ დიდმანიძე . |
||
| 264 |
_aთბილისი : _bუნივერსალი. _c2008. |
||
| 300 |
_a83 გვ .: _bილ ; _c21 სმ. |
||
| 653 | _aლაბორატორიული პრაქტიკუმი ფიზიკაში | ||
| 653 | _aფიზიკა | ||
| 700 |
_aკუტუბიძე, ბორის _91744 |
||
| 700 |
_aდიდმანიძე, იბრაიმ _eრედაქტორი _91168 |
||
| 942 |
_cBK _2udc |
||